00898nam a22002414a 450000500170000000800410001701000140005802000260007203500130009803700150011104000180012608200150014410000240015924500550018326000360023827000460027430000370032050400500035765000550040794200290046299900170049195201480050820090709155051.0070417s2007 ncua b 001 0 eng  aENG-94332 a9788120336933c350.00 aEN-77865 bDBAD / PUB adplbEnglish  a621.381535 aHollister, Allen L. aWideband amplifier design /cby Allen L. Hollister aNew Delhi bPHI Learning c2009 aM-97 Connaught CircusbNew Delhi e110001 axv, 391 p. :bill. ;c26cm(pbk)  aIncludes bibliographical references and index aAmplifiers (Electronics)xDesign and construction. 2ddccENh621.381535mHOL c28124d28124 00102ddc40718NFICaDBADbDBADd2009-07-09eDBAD / PUBg350.00l0o621.381535 HOLpEN-77865r2009-07-09 00:00:00t1v350.00w2009-07-09yEN